| 000 | 01045 a2200277 4500 | ||
|---|---|---|---|
| 005 | 20180312141944.0 | ||
| 008 | 131004b sp a br|||| 00| 0 spa d | ||
| 020 | _a8480554118 | ||
| 040 |
_aCO-BoUCM _bspa _cJose A. Gerena _d[Nuevo] |
||
| 041 | 0 | _aspa | |
| 100 | 1 |
_aBarros, Virginia _947265 |
|
| 245 | 0 | 0 |
_aLolo, el niño llorón _ctextos de Virginia Barros, Esther de la Paz ; ilustraciones de Luis M. Bilbao, Alfonso Cerdán |
| 260 |
_bCultural _aMadrid (España) _c[sin fecha] |
||
| 300 |
_a[16] páginas _bilustraciones a color |
||
| 490 |
_aDivertiletras _v12 |
||
| 650 | 7 |
_918684 _aLiteratura infantil española |
|
| 650 | 7 |
_918516 _aLibros ilustrados para niños |
|
| 650 | 7 |
_918524 _aLibros y lectura para niños |
|
| 650 | 7 |
_920374 _aNiños en la literatura |
|
| 690 |
_942863 _aLiteratura europea |
||
| 700 | 1 |
_aBilbao, Luis M. _eilustrador _947421 |
|
| 700 | 1 |
_aCerdán, Alfonso _947422 |
|
| 700 | 1 |
_aPaz, Esther de la _947266 |
|
| 942 |
_a18 _cLIBRO _e1 _mB277l _2DEWEY _h 868.64 _n0 |
||
| 999 |
_c181867 _d181867 |
||